Sports Quiz

Random Sports or MLB Quiz

MLB Managers Quiz Stats

 Plays Quiz Updated Oct 3, 2019

Score 0/30 Timer 07:00
6 Plays Today
Team Manager % Correct
Los Angeles DodgersDave Roberts
86.5%
New York YankeesAaron Boone
85.6%
Boston Red SoxAlex Cora
82.6%
Chicago CubsVacant
78.8%
Atlanta BravesBrian Snitker
76.3%
St. Louis CardinalsMike Shildt
75.1%
Chicago White SoxRick Renteria
74.1%
Detroit TigersRon Gardenhire
70.1%
Philadelphia PhilliesGabe Kapler
69.8%
New York MetsVacant
66%
Cincinnati RedsDavid Bell
65.5%
Tampa Bay RaysKevin Cash
64.6%
Los Angeles AngelsVacant
63%
Minnesota TwinsRocco Baldelli
62.1%
Cleveland IndiansTerry Francona
56.5%
Team Manager % Correct
San Francisco GiantsVacant
53.6%
Texas RangersChris Woodward
50%
Colorado RockiesBud Black
47.8%
Washington NationalsDave Martinez
45.1%
Baltimore OriolesBrandon Hyde
43.5%
Toronto Blue JaysCharlie Montoyo
43%
Miami MarlinsDon Mattingly
41.9%
Kansas City RoyalsVacant
37.8%
San Diego PadresVacant
37.7%
Arizona DiamondbacksTorey Lovullo
36.6%
Milwaukee BrewersCraig Counsell
34.1%
Pittsburgh PiratesVacant
30%
Seattle MarinersScott Servais
29.5%
Houston AstrosA.J. Hinch
28.6%
Oakland AthleticsBob Melvin
24.8%

You're not logged in!

Compare scores with friends on all Sporcle quizzes.
OR
Log In

Sporcle TV

Today on Sporcle TV


Watch our educational content, quiz creation guides, and fun videos on Sporcle TV.

Show Comments

Extras

Top Quizzes Today


Score Distribution

Your Account Isn't Verified!

In order to create a playlist on Sporcle, you need to verify the email address you used during registration. Go to your Sporcle Settings to finish the process.

Report this User

Report this user for behavior that violates our Community Guidelines.

Details: